[Event "Fishbecks"]
[Site "Pasadena"]
[Date "1992.??.??"]
[Round "?"]
[White "Remlinger, Larry"]
[Black "Ramayrat, Cris"]
[Result "1-0"]
[WhiteElo "2340"]
[BlackElo "2320"]
[PlyCount "61"]
[EventDate "1992.??.??"]
[EventType "tourn"]
[EventRounds "11"]
[EventCountry "USA"]
[SourceTitle "EXT 1999"]
[Source "ChessBase"]
[SourceDate "1998.11.16"]
[SourceVersion "1"]
[SourceVersionDate "1998.11.16"]
[SourceQuality "1"]

1. d4 Nf6 2. c4 g6 3. Nc3 Bg7 4. e4 d6 5. Nge2 0-0 6. Ng3 e5 7. d5 c6 8. Be2 cxd5 9. cxd5 a5 10. Be3 Na6 11. Nf1 Nd7 12. Nd2 f5 13. f3 Bh6 14. Bxh6 Qh4+ 15. g3 Qxh6 16. Nc4 f4 17. Qd2 g5 18. 0-0-0 Ndc5 19. h4 g4 20. fxg4 Nb4 21. Kb1 Qg6 22. h5 Qg7 23. gxf4 exf4 24. Nxd6 f3 25. Bc4 f2 26. Nf5 Nxe4 27. Nh6+ Kh8 28. Nxe4 b5 29. Be2 Nxd5 30. Rhf1 Ra6 31. Nf5 1-0

[Event "Fishbecks"]
[Site "Pasadena"]
[Date "1992.??.??"]
[Round "?"]
[White "Schroer, Jonathan"]
[Black "Ramayrat, Cris"]
[Result "0-1"]
[WhiteElo "2395"]
[BlackElo "2320"]
[PlyCount "88"]
[EventDate "1992.??.??"]
[EventType "tourn"]
[EventRounds "11"]
[EventCountry "USA"]
[SourceTitle "EXT 1999"]
[Source "ChessBase"]
[SourceDate "1998.11.16"]
[SourceVersion "1"]
[SourceVersionDate "1998.11.16"]
[SourceQuality "1"]

1. d4 Nf6 2. c4 g6 3. Nc3 Bg7 4. e4 d6 5. Bd3 0-0 6. Nge2 e5 7. d5 Nh5 8. 0-0 Na6 9. a3 Nc5 10. Bc2 a5 11. Be3 f5 12. exf5 gxf5 13. f4 e4 14. Nd4 Nf6 15. h3 Qe7 16. Rb1 Ne8 17. Qd2 a4 18. Rbe1 Bf6 19. Qd1 Bd7 20. g4 Qg7 21. Re2 Nd3 22. Bxd3 Bxd4 23. Bc2 Bxe3+ 24. Rxe3 fxg4 25. Rg3 Nf6 26. hxg4 Nh5 27. Rg2 Nxf4 28. Rg3 h5 29. Kh1 hxg4 30. Bxe4 Qh6+ 31. Kg1 Nh3+ 32. Kg2 Rxf1 33. Kxf1 Qf4+ 34. Qf3 Qxf3+ 35. Bxf3 Rf8 36. Ne4 Rxf3+ 37. Rxf3 gxf3 38. Nf6+ Kf7 39. Nxd7 Ke7 40. Nb8 Kd8 41. c5 dxc5 42. d6 cxd6 43. Ke1 Kc8 44. Kf1 d5 0-1

[Event "Northern California-ch+"]
[Site "Berkeley"]
[Date "1988.09.??"]
[Round "1"]
[White "Ramayrat, Cris"]
[Black "Rey, Guillermo"]
[Result "1/2-1/2"]
[WhiteElo "2400"]
[BlackElo "2370"]
[PlyCount "25"]
[EventDate "1988.09.??"]
[EventType "tourn"]
[EventRounds "6"]
[EventCountry "USA"]
[SourceTitle "EXT 2005"]
[Source "ChessBase"]
[SourceDate "2004.11.15"]
[SourceVersion "1"]
[SourceVersionDate "2004.11.15"]
[SourceQuality "1"]

1. c4 c5 2. g3 g6 3. Bg2 Bg7 4. Nc3 Nc6 5. e3 e5 6. Nge2 d6 7. 0-0 Nge7 8. a3 0-0 9. Rb1 a5 10. Nd5 Nxd5 11. cxd5 Ne7 12. d3 b5 13. b4 1/2-1/2

[Event "San Francisco Bagby"]
[Site "San Francisco"]
[Date "1987.??.??"]
[Round "4"]
[White "Glueck, David"]
[Black "Ramayrat, Cris"]
[Result "1/2-1/2"]
[WhiteElo "2345"]
[BlackElo "2395"]
[PlyCount "120"]
[EventDate "1987.??.??"]
[EventType "tourn"]
[EventRounds "7"]
[EventCountry "USA"]
[SourceTitle "EXT 2015"]
[Source "ChessBase"]
[SourceDate "2014.11.20"]
[SourceVersion "1"]
[SourceVersionDate "2014.11.20"]
[SourceQuality "1"]

1. e4 c5 2. Nf3 d6 3. d4 cxd4 4. Qxd4 Nc6 5. Bb5 Bd7 6. Bxc6 Bxc6 7. Nc3 Nf6 8. Bg5 e6 9. 0-0-0 Be7 10. Rhe1 0-0 11. Qd2 Qb8 12. Nd4 Rd8 13. f4 h6 14. Bxf6 Bxf6 15. Kb1 Bd7 16. g4 b5 17. g5 hxg5 18. fxg5 Be5 19. g6 fxg6 20. Rg1 b4 21. Nce2 Qb7 22. Rxg6 Qxe4 23. Rdg1 Kf7 24. Qg5 Rg8 25. Rf1+ Ke8 26. Nxe6 Rc8 27. N2d4 Bxd4 28. Nxd4 Rc4 29. Qg1 Kd8 30. Rxd6 Re8 31. Rd1 Rc7 32. Qh1 Kc8 33. Qxe4 Rxe4 34. Rg6 Rc4 35. Rd6 Bg4 36. b3 Rc5 37. Rd2 Kc7 38. Rg6 Rd5 39. Rxg7+ Kb6 40. h3 Bxh3 41. Nf3 Be6 42. Rg5 Rxd2 43. Nxd2 Re3 44. Kb2 Kc6 45. Nc4 Bxc4 46. bxc4 Rc3 47. Ra5 Rxc4 48. Rxa7 Rc3 49. Ra5 Kb6 50. Rd5 Rc4 51. Rd3 Kb5 52. Kb3 Rc5 53. Rd8 Rc3+ 54. Kb2 Re3 55. Rb8+ Kc4 56. Rc8+ Kb5 57. Ra8 Rf3 58. a3 bxa3+ 59. Rxa3 Rxa3 60. Kxa3 Kc4 1/2-1/2

[Event "American op"]
[Site "Los Angeles"]
[Date "1987.??.??"]
[Round "5"]
[White "Granda Zuniga, Julio E"]
[Black "Ramayrat, Cris"]
[Result "1-0"]
[WhiteElo "2525"]
[BlackElo "2395"]
[PlyCount "51"]
[EventDate "1987.11.26"]
[EventType "swiss"]
[EventRounds "8"]
[EventCountry "USA"]
[SourceTitle "EXT 1997"]
[Source "ChessBase"]
[SourceDate "1996.11.15"]
[SourceVersion "1"]
[SourceVersionDate "1996.11.15"]
[SourceQuality "1"]

1. Nf3 d5 2. d4 Nf6 3. c4 c6 4. Nc3 dxc4 5. a4 Bf5 6. Ne5 e6 7. f3 Bb4 8. Nxc4 Na6 9. Bg5 h6 10. Bh4 Bh7 11. e4 g5 12. Bf2 Rg8 13. Qb3 Nh5 14. Ne5 Qa5 15. Bc4 Nf4 16. g3 Ng6 17. Ng4 Rh8 18. 0-0 h5 19. Nf6+ Ke7 20. e5 h4 21. Nce4 hxg3 22. hxg3 Nf8 23. Be3 Bxe4 24. fxe4 Nc7 25. Bxg5 c5 26. d5 1-0

[Event "San Francisco Bagby"]
[Site "San Francisco"]
[Date "1987.??.??"]
[Round "3"]
[White "Ramayrat, Cris"]
[Black "Frankle, Jon"]
[Result "1/2-1/2"]
[WhiteElo "2395"]
[BlackElo "2215"]
[PlyCount "89"]
[EventDate "1987.??.??"]
[EventType "tourn"]
[EventRounds "7"]
[EventCountry "USA"]
[SourceTitle "EXT 2015"]
[Source "ChessBase"]
[SourceDate "2014.11.20"]
[SourceVersion "1"]
[SourceVersionDate "2014.11.20"]
[SourceQuality "1"]

1. d4 Nf6 2. c4 e6 3. Nc3 Bb4 4. e3 b6 5. Nge2 0-0 6. a3 Bxc3+ 7. Nxc3 d5 8. Bd3 a5 9. b3 Nc6 10. Bb2 Ba6 11. 0-0 Qd7 12. Ne2 Ne7 13. a4 Nc6 14. Ba3 Rfe8 15. Ng3 Nb4 16. Bxb4 axb4 17. cxd5 Nxd5 18. Bxa6 Rxa6 19. Qd3 Rea8 20. Rac1 Ra5 21. Qc4 b5 22. axb5 Qxb5 23. e4 Nc3 24. Qxc7 Ra3 25. f4 Qd3 26. f5 Qxd4+ 27. Kh1 e5 28. f6 g6 29. h3 h6 30. Kh2 Rxb3 31. Rf3 Rb2 32. Nf5 Rxg2+ 33. Kxg2 Qd2+ 34. Rf2 Qxc1 35. Ne7+ Kh7 36. Qc4 Rf8 37. Qxb4 Qg5+ 38. Kh2 Qe3 39. Rg2 Qf4+ 40. Kh1 Qf1+ 41. Kh2 Qf4+ 42. Kh1 Nxe4 43. Nd5 Nf2+ 44. Rxf2 Qxf2 45. Qxf8 1/2-1/2

[Event "American op"]
[Site "Los Angeles"]
[Date "1987.??.??"]
[Round "3"]
[White "Rohde, Michael A"]
[Black "Ramayrat, Cris"]
[Result "1/2-1/2"]
[WhiteElo "2550"]
[BlackElo "2395"]
[PlyCount "104"]
[EventDate "1987.11.26"]
[EventType "swiss"]
[EventRounds "8"]
[EventCountry "USA"]
[SourceTitle "EXT 1997"]
[Source "ChessBase"]
[SourceDate "1996.11.15"]
[SourceVersion "1"]
[SourceVersionDate "1996.11.15"]
[SourceQuality "1"]

1. d4 d5 2. c4 c6 3. Nc3 Nf6 4. e3 e6 5. Nf3 Nbd7 6. Bd3 Bd6 7. 0-0 0-0 8. Qc2 e5 9. cxd5 cxd5 10. e4 exd4 11. Nxd5 Nxd5 12. exd5 h6 13. Nxd4 Qh4 14. Nf3 Qh5 15. Bh7+ Kh8 16. Qf5 Qxf5 17. Bxf5 Nf6 18. Bxc8 Rfxc8 19. Rd1 Rc5 20. Be3 Rxd5 21. Rxd5 Nxd5 22. Rd1 Nxe3 23. Rxd6 Ng4 24. h3 Nf6 25. Ne5 Kg8 26. g4 Rc8 27. Kg2 Kf8 28. Rd2 a6 29. f4 g5 30. Kf3 Rc1 31. Nd7+ Nxd7 32. Rxd7 Rf1+ 33. Ke2 Rxf4 34. Rxb7 h5 35. gxh5 Rh4 36. Kf3 Rxh5 37. Kg4 Rh4+ 38. Kxg5 Rxh3 39. Rb6 Rh2 40. a4 Ke7 41. b4 Rg2+ 42. Kf5 Rg6 43. Rb7+ Kd8 44. a5 Rc6 45. Rxf7 Rc4 46. Rb7 Kc8 47. Rb6 Kc7 48. Ke5 Rc6 49. Rxc6+ Kxc6 50. Kd4 Kb5 51. Kc3 Kc6 52. Kc4 Kd6 1/2-1/2

[Event "San Francisco 2nd"]
[Site "San Francisco"]
[Date "1986.03.??"]
[Round "13"]
[White "Harari, Zaki"]
[Black "Ramayrat, Cris"]
[Result "0-1"]
[WhiteElo "2200"]
[BlackElo "2430"]
[PlyCount "98"]
[EventDate "1986.03.??"]
[EventType "tourn"]
[EventRounds "13"]
[EventCountry "USA"]
[EventCategory "4"]
[SourceTitle "EXT 2005"]
[Source "ChessBase"]
[SourceDate "2004.11.15"]
[SourceVersion "1"]
[SourceVersionDate "2004.11.15"]
[SourceQuality "1"]

1. d4 Nf6 2. c4 g6 3. Nc3 c5 4. d5 d6 5. e4 Bg7 6. Be2 0-0 7. Nf3 e6 8. 0-0 Re8 9. Qc2 Na6 10. dxe6 Bxe6 11. Rd1 Qb6 12. Bf4 Rad8 13. a3 Ng4 14. Rab1 Nc7 15. h3 Ne5 16. b4 cxb4 17. Rxb4 Nxf3+ 18. Bxf3 Qa5 19. Nd5 Bxd5 20. cxd5 Nb5 21. Bd2 Nxa3 22. Qb3 b5 23. Bc1 Nc4 24. Rxb5 Qc7 25. Rb7 Qc5 26. Rb5 Qc7 27. Rb7 Qc5 28. Rb5 Qc8 29. Bg5 a6 30. Rb4 Nb2 31. Rc1 Qa8 32. Bxd8 Qxd8 33. Rb1 a5 34. Rb7 a4 35. Qa3 Qg5 36. R7xb2 Bxb2 37. Qxb2 Rc8 38. Ra1 h5 39. g3 h4 40. Kg2 hxg3 41. Rd1 gxf2+ 42. Kxf2 a3 43. Qb3 Qe5 44. Rd3 Rc1 45. Rd2 Qh2+ 46. Ke3 Qg1+ 47. Kd3 Qg3 48. Ke3 Rf1 49. Ke2 Qe1+ 0-1

[Event "New York op"]
[Site "New York"]
[Date "1986.??.??"]
[Round "?"]
[White "Ramayrat, Cris"]
[Black "Quinteros, Miguel Angel"]
[Result "0-1"]
[WhiteElo "2430"]
[BlackElo "2510"]
[PlyCount "72"]
[EventDate "1986.03.??"]
[EventType "swiss"]
[EventRounds "9"]
[EventCountry "USA"]
[SourceTitle "EXT 1997"]
[Source "ChessBase"]
[SourceDate "1996.11.15"]
[SourceVersion "1"]
[SourceVersionDate "1996.11.15"]
[SourceQuality "1"]

1. d4 Nf6 2. c4 g6 3. Nc3 Bg7 4. e4 d6 5. f3 0-0 6. Be3 Nbd7 7. Nge2 c5 8. d5 Ne5 9. Nc1 e6 10. Qd2 exd5 11. cxd5 Nh5 12. Be2 f5 13. exf5 gxf5 14. Bg5 Qe8 15. 0-0 Qg6 16. f4 Ng4 17. Nb3 Bd7 18. Rae1 Rae8 19. a4 h6 20. Bh4 Ne3 21. Bxh5 Qxh5 22. Rxe3 Rxe3 23. Qxe3 Qxh4 24. Nb5 Re8 25. Qd3 Qf6 26. Na5 a6 27. Nc7 Qd4+ 28. Qxd4 Bxd4+ 29. Kh1 Re7 30. b3 Bxa4 31. bxa4 Rxc7 32. Nc4 b5 33. axb5 axb5 34. Nxd6 b4 35. Nc4 b3 36. Rb1 b2 0-1